[Event "CYCC U18"]
[Site "Windsor CAN"]
[Date "2016.07.06"]
[Round "3.4"]
[White "Li, Yinshi"]
[Black "Washimkar, Atharva"]
[Result "1-0"]
[WhiteElo "2216"]
[BlackElo "1636"]
[PlyCount "65"]
[EventDate "2016.07.05"]
[EventType "swiss"]
[EventRounds "7"]
[EventCountry "CAN"]

1. d4 Nf6 2. c4 g6 3. Nc3 Bg7 4. g3 O-O 5. Bg2 d6 6. Nf3 Nbd7 7. O-O c5 8. b3
a6 9. Bb2 Rb8 10. a4 Qb6 11. e3 Re8 12. Qc2 cxd4 13. exd4 Nf8 14. a5 Qc7 15.
Qd2 Bd7 16. d5 b5 17. cxb5 Bxb5 18. Rfc1 Qa7 19. Nxb5 Rxb5 20. Nd4 Rc5 21. b4
Rcc8 22. Rxc8 Rxc8 23. Nc6 Qb7 24. Re1 Re8 25. h3 Nh5 26. Bxg7 Nxg7 27. Qd4 Nf5
28. Qb6 Qc8 29. g4 Nd7 30. Qa7 Nh4 31. Rxe7 Ne5 32. Nxe5 Qc1+ 33. Bf1 1-0

[Event "CYCC U18"]
[Site "Windsor CAN"]
[Date "2016.07.06"]
[Round "3.5"]
[White "Mathews, Jeremy"]
[Black "Mirajkar, Mohammed"]
[Result "1-0"]
[WhiteElo "1777"]
[BlackElo "791"]
[PlyCount "103"]
[EventDate "2016.07.05"]
[EventType "swiss"]
[EventRounds "7"]
[EventCountry "CAN"]

1. e4 e6 2. d4 d5 3. e5 c5 4. c3 a6 5. a3 Nc6 6. Nf3 h6 7. b4 b6 8. Be3 f6 9.
Nh4 fxe5 10. Qh5+ Kd7 11. dxe5 d4 12. cxd4 cxd4 13. Bd2 Kc7 14. Ng6 Rh7 15. Bd3
Qe8 16. Qf3 Be7 17. Nxe7 Ngxe7 18. Bxh7 g6 19. Qf6 Bd7 20. h4 Qh8 21. Bxg6 Qxf6
22. exf6 Nxg6 23. Bxh6 Rh8 24. Bg7 Rg8 25. h5 Nf8 26. h6 Nh7 27. f7 Rd8 28. g4
e5 29. g5 Bf5 30. Nd2 Bg6 31. Nc4 Bxf7 32. Nxe5 Nxe5 33. Bxe5+ Rd6 34. Rc1+ Kd7
35. Bxd6 Kxd6 36. f4 Bg6 37. O-O Kd5 38. f5 Be8 39. g6 Ng5 40. h7 Bd7 41. h8=Q
Kd6 42. Qxd4+ Ke7 43. Qxd7+ Kxd7 44. g7 Ke7 45. f6+ Kf7 46. Rc7+ Kg8 47. f7+
Kh7 48. f8=N+ Kg8 49. Ng6 Nf7 50. Rfxf7 Kh7 51. g8=Q+ Kh6 52. Nf4 1-0

[Event "CYCC U18"]
[Site "Windsor CAN"]
[Date "2016.07.06"]
[Round "3.6"]
[White "Pobereshnikova, Agniya"]
[Black "Wang, Jeffrey"]
[Result "1-0"]
[WhiteElo "1632"]
[BlackElo "1358"]
[PlyCount "49"]
[EventDate "2016.07.05"]
[EventType "swiss"]
[EventRounds "7"]
[EventCountry "CAN"]

1. e4 c5 2. Nf3 Nc6 3. Bc4 e6 4. Nc3 a6 5. O-O b5 6. Bd3 Be7 7. b3 Bf6 8. Re1
b4 9. e5 Nxe5 10. Nxe5 bxc3 11. dxc3 Qc7 12. Bf4 d6 13. Nc4 Be7 14. Be4 Rb8 15.
Nxd6+ Kf8 16. Qd2 Qd8 17. Re3 g5 18. Bg3 f5 19. Be5 Nf6 20. Rd3 fxe4 21. Nxe4
Qb6 22. Nxf6 Bxf6 23. Bxf6 Rg8 24. Bxg5 Bb7 25. Qf4+ 1-0

[Event "CYCC U18"]
[Site "Windsor CAN"]
[Date "2016.07.06"]
[Round "3.7"]
[White "Muntaner, Daniel"]
[Black "Bari, Zeeshan"]
[Result "1-0"]
[WhiteElo "1697"]
[BlackElo "1027"]
[PlyCount "98"]
[EventDate "2016.07.05"]
[EventType "swiss"]
[EventRounds "7"]
[EventCountry "CAN"]

1. e4 e5 2. Nf3 Nc6 3. Bc4 Bc5 4. c3 d6 5. d4 Bb6 6. dxe5 dxe5 7. Qxd8+ Kxd8 8.
Bxf7 Nf6 9. Bb3 Nxe4 10. O-O Bd7 11. Nbd2 Nc5 12. Bc2 h6 13. Nc4 Re8 14. b4 Ne6
15. Ncxe5 Nxe5 16. Nxe5 c5 17. Rd1 Nf8 18. Bf4 Kc8 19. Nxd7 Nxd7 20. Bf5 Re7
21. bxc5 Bxc5 22. Rd5 b6 23. Rad1 Kb7 24. Rxd7+ Rxd7 25. Rxd7+ Ka6 26. Be3 Re8
27. Rd3 Re5 28. Bg4 Ka5 29. Bf3 b5 30. Rd5 Rxd5 31. Bxd5 Bxe3 32. fxe3 Kb6 33.
Kf2 Kc5 34. Bg8 Kd6 35. Kf3 Ke5 36. Bf7 Kf6 37. Bd5 a6 38. Bb7 a5 39. Ba6 b4
40. cxb4 axb4 41. Bc4 Kf5 42. e4+ Kf6 43. Ke3 Ke5 44. g4 g5 45. h3 Kd6 46. Kd4
Kd7 47. Kd5 Ke7 48. Bb5 Kf7 49. e5 Ke7 1-0

[Event "CYCC U18"]
[Site "Windsor CAN"]
[Date "2016.07.06"]
[Round "3.8"]
[White "Pruthi, Vijit"]
[Black "Tao, Rachel"]
[Result "0-1"]
[WhiteElo "1125"]
[BlackElo "1744"]
[PlyCount "86"]
[EventDate "2016.07.05"]
[EventType "swiss"]
[EventRounds "7"]
[EventCountry "CAN"]

1. e4 c5 2. Nf3 Nc6 3. Nc3 d6 4. Bb5 a6 5. Bxc6+ bxc6 6. d3 e6 7. Be3 d5 8.
exd5 cxd5 9. d4 c4 10. b3 cxb3 11. axb3 Bb4 12. Bd2 Bb7 13. O-O Rc8 14. Ne2
Bxd2 15. Qxd2 Qc7 16. c4 dxc4 17. bxc4 Qxc4 18. Rfc1 Qd5 19. Rxc8+ Bxc8 20. Qc2
Ne7 21. Qc7 Qb7 22. Rc1 Qxc7 23. Rxc7 f6 24. Nd2 Kf7 25. Ne4 Rd8 26. f3 Rd7 27.
Rxd7 Bxd7 28. Nd6+ Kf8 29. Nc1 Nc6 30. Nb3 Ke7 31. Nc4 Nb4 32. Kf2 Bb5 33. Nca5
Kd6 34. Ke3 Kd5 35. Na1 Nc6 36. Nxc6 Bxc6 37. Nc2 Kc4 38. Na3+ Kb3 39. Nb1 Kb2
40. Nd2 Bd5 41. Kd3 a5 42. Nc4+ Bxc4+ 43. Kxc4 a4 0-1

[Event "CYCC U18"]
[Site "Windsor CAN"]
[Date "2016.07.07"]
[Round "4.3"]
[White "Nasir, Zehn"]
[Black "Doknjas, John"]
[Result "1-0"]
[WhiteElo "2077"]
[BlackElo "2239"]
[PlyCount "83"]
[EventDate "2016.07.05"]
[EventType "swiss"]
[EventRounds "7"]
[EventCountry "CAN"]

1. e4 c5 2. Nf3 d6 3. d4 cxd4 4. Nxd4 Nf6 5. Nc3 a6 6. h3 e6 7. g4 Be7 8. g5
Nfd7 9. Be3 b5 10. Bg2 Bb7 11. Qd2 Nb6 12. b3 N8d7 13. h4 Qc7 14. O-O-O d5 15.
Kb1 b4 16. Nce2 dxe4 17. h5 O-O 18. g6 Nc5 19. Bh3 f5 20. Rdg1 Nd5 21. h6 Bf6
22. gxh7+ Kh8 23. Nf4 Nxf4 24. Bxf4 Qd7 25. hxg7+ Bxg7 26. Rxg7 Qxg7 27. Bh6
Qe7 28. Bxf8 Rxf8 29. Qxb4 e3 30. Rc1 a5 31. Qe1 exf2 32. Qxf2 Ne4 33. Qe1 Qf6
34. c3 a4 35. Bg2 axb3 36. axb3 Nxc3+ 37. Qxc3 Bxg2 38. Nxe6 Be4+ 39. Kb2 Qxc3+
40. Rxc3 Rf6 41. Ng5 Rg6 42. Rc8+ 1-0

[Event "CYCC U18"]
[Site "Windsor CAN"]
[Date "2016.07.07"]
[Round "4.4"]
[White "Shi, Diwen"]
[Black "Li, Yinshi"]
[Result "1/2-1/2"]
[WhiteElo "2220"]
[BlackElo "2216"]
[PlyCount "34"]
[EventDate "2016.07.05"]
[EventType "swiss"]
[EventRounds "7"]
[EventCountry "CAN"]

1. e4 e6 2. d4 d5 3. e5 c5 4. c3 Nc6 5. Nf3 Qb6 6. a3 Nh6 7. b4 cxd4 8. Bxh6
gxh6 9. cxd4 Rg8 10. g3 Rg4 11. Bd3 Nxd4 12. O-O Bd7 13. Nc3 O-O-O 14. Rc1 Kb8
15. Nxd4 Qxd4 16. Qf3 Rg5 17. Qf6 Qb6 1/2-1/2

[Event "CYCC U18"]
[Site "Windsor CAN"]
[Date "2016.07.07"]
[Round "4.5"]
[White "Muntaner, Daniel"]
[Black "Mathews, Jeremy"]
[Result "1-0"]
[WhiteElo "1697"]
[BlackElo "1777"]
[PlyCount "51"]
[EventDate "2016.07.05"]
[EventType "swiss"]
[EventRounds "7"]
[EventCountry "CAN"]

1. e4 e5 2. Bc4 Nc6 3. d3 Nf6 4. Nc3 Bc5 5. Nge2 Ng4 6. d4 Nxd4 7. Nxd4 Nxf2 8.
Qf3 O-O 9. Qxf2 Bxd4 10. Be3 b5 11. Nxb5 c6 12. Nxd4 exd4 13. Bxd4 d5 14. Bb3
Ba6 15. O-O-O Re8 16. Rhe1 Qd7 17. exd5 cxd5 18. Rxe8+ Rxe8 19. Re1 Rc8 20. Qg3
f5 21. Qe5 Bc4 22. Qe6+ Qxe6 23. Rxe6 Kf7 24. Re5 g6 25. Bxc4 Rxc4 26. c3 1-0

[Event "CYCC U18"]
[Site "Windsor CAN"]
[Date "2016.07.07"]
[Round "4.6"]
[White "Tao, Rachel"]
[Black "Mirajkar, Mohammed"]
[Result "1-0"]
[WhiteElo "1744"]
[BlackElo "791"]
[PlyCount "42"]
[EventDate "2016.07.05"]
[EventType "swiss"]
[EventRounds "7"]
[EventCountry "CAN"]

1. e4 e6 2. d4 d5 3. exd5 exd5 4. Bd3 Nc6 5. c3 Be6 6. Nf3 h6 7. O-O Qd6 8. Re1
O-O-O 9. Nbd2 Be7 10. b4 Bd7 11. Nb3 a6 12. a4 Bg5 13. Ba3 b5 14. axb5 axb5 15.
Bxb5 Na7 16. Bxd7+ Kxd7 17. Nc5+ Kc8 18. Bb2 Qb6 19. Ra6 Qb8 20. Qa4 Nf6 21.
Rxa7 Rhe8 1-0

[Event "CYCC U18"]
[Site "Windsor CAN"]
[Date "2016.07.07"]
[Round "4.7"]
[White "Washimkar, Atharva"]
[Black "Wang, Jeffrey"]
[Result "1-0"]
[WhiteElo "1636"]
[BlackElo "1358"]
[PlyCount "69"]
[EventDate "2016.07.05"]
[EventType "swiss"]
[EventRounds "7"]
[EventCountry "CAN"]

1. e4 c5 2. Nf3 Nc6 3. d4 cxd4 4. Nxd4 g6 5. Nc3 Bg7 6. Be3 Nf6 7. Be2 O-O 8.
O-O a6 9. Qd2 d5 10. Nxc6 bxc6 11. e5 Ng4 12. Bxg4 Bxg4 13. h3 Bf5 14. f4 Qc7
15. g4 Bd7 16. Bc5 Rfe8 17. Rae1 h5 18. Qg2 hxg4 19. hxg4 Qc8 20. Na4 Bxg4 21.
Nb6 Qf5 22. Nxa8 Bh3 23. Qd2 Bxf1 24. Rxf1 Rxa8 25. Bxe7 Bh6 26. Qh2 Bf8 27.
Bf6 Bc5+ 28. Kh1 Qe4+ 29. Qg2 Rb8 30. Qxe4 dxe4 31. Kg2 Rxb2 32. Rh1 Rxc2+ 33.
Kg3 Bf2+ 34. Kg4 Bh4 35. Rxh4 1-0

[Event "CYCC U18"]
[Site "Windsor CAN"]
[Date "2016.07.07"]
[Round "4.8"]
[White "Bari, Zeeshan"]
[Black "Pruthi, Vijit"]
[Result "1/2-1/2"]
[WhiteElo "1027"]
[BlackElo "1125"]
[PlyCount "45"]
[EventDate "2016.07.05"]
[EventType "swiss"]
[EventRounds "7"]
[EventCountry "CAN"]

1. e4 c5 2. Nf3 e6 3. d4 cxd4 4. Nxd4 Nf6 5. Nc3 Bb4 6. Bd3 Qb6 7. Be3 Bxc3+ 8.
bxc3 Nc6 9. Rb1 Qa5 10. Nb5 O-O 11. Bg5 Qd8 12. Nd6 b6 13. Bb5 h6 14. Bh4 Ne5
15. Bd3 Ng6 16. Bg3 e5 17. O-O Qc7 18. Nb5 Qc5 19. Kh1 a6 20. f4 exf4 21. Bxf4
Nxf4 22. Rxf4 axb5 23. Rxb5 1/2-1/2

[Event "CYCC U18"]
[Site "Windsor CAN"]
[Date "2016.07.07"]
[Round "5.3"]
[White "Doknjas, John"]
[Black "Shi, Diwen"]
[Result "1/2-1/2"]
[WhiteElo "2239"]
[BlackElo "2220"]
[PlyCount "70"]
[EventDate "2016.07.05"]
[EventType "swiss"]
[EventRounds "7"]
[EventCountry "CAN"]

1. d4 Nf6 2. c4 e6 3. Nc3 Bb4 4. e3 O-O 5. Bd3 d5 6. Nge2 c5 7. cxd5 exd5 8. a3
Bxc3+ 9. bxc3 b6 10. O-O Ba6 11. dxc5 bxc5 12. Bxa6 Nxa6 13. c4 Nc7 14. cxd5
Ncxd5 15. Bb2 Rb8 16. Qc2 Qe7 17. Ng3 Rfc8 18. e4 Nf4 19. Rab1 Qe6 20. Bxf6
Rxb1 21. Rxb1 Qxf6 22. Qxc5 Qa6 23. Qe3 Qd3 24. Rc1 Rxc1+ 25. Qxc1 Ne6 26. Qc8+
Nf8 27. Qc5 a6 28. h3 Ne6 29. Qc8+ Nf8 30. Qc5 Ne6 31. Qb4 g6 32. Qb2 h5 33. h4
Qd1+ 34. Kh2 Qd8 35. Qb7 a5 1/2-1/2

[Event "CYCC U18"]
[Site "Windsor CAN"]
[Date "2016.07.07"]
[Round "5.4"]
[White "Li, Yinshi"]
[Black "Muntaner, Daniel"]
[Result "1-0"]
[WhiteElo "2216"]
[BlackElo "1597"]
[PlyCount "187"]
[EventDate "2016.07.05"]
[EventType "swiss"]
[EventRounds "7"]
[EventCountry "CAN"]

1. d4 d5 2. c4 e6 3. Nf3 Nf6 4. Nc3 Be7 5. Bf4 c6 6. e3 Nbd7 7. Rc1 Nb6 8. c5
Nbd7 9. b4 Nh5 10. Bg3 Nxg3 11. hxg3 Qc7 12. Bd3 e5 13. e4 dxe4 14. Bxe4 exd4
15. Nxd4 Nf6 16. O-O Nxe4 17. Nxe4 O-O 18. Qf3 f5 19. Nd2 f4 20. Ne4 Qe5 21.
Rcd1 Kh8 22. Rfe1 fxg3 23. Nxg3 Qc7 24. Qe4 Bf6 25. Ndf5 Bxf5 26. Nxf5 Bc3 27.
Re3 Bxb4 28. Rh3 Qf7 29. Nd6 Qxf2+ 30. Kh1 h6 31. Qxb4 Qe2 32. Qd4 Kh7 33. Qd3+
Qxd3 34. Rhxd3 b6 35. Rc3 Rf4 36. Rc4 Rf6 37. Ne4 Rf5 38. Rd7 bxc5 39. Rxc5 Rf4
40. Re7 a5 41. Rxc6 Raf8 42. Rcc7 Rg4 43. g3 Rg6 44. Ra7 Rf5 45. Rf7 Rxf7 46.
Rxf7 Re6 47. Nc5 Re2 48. a4 Rc2 49. Nb7 Ra2 50. Rf4 g5 51. Rc4 h5 52. Nxa5 Ra1+
53. Kg2 Ra2+ 54. Kh3 Ra3 55. Nb7 h4 56. Rg4 Kh6 57. Nd6 hxg3 58. Nf7+ Kg6 59.
Nxg5 Kf5 60. Ne4 g2+ 61. Ng3+ Ke5 62. Kxg2 Kd5 63. Ne4 Kc6 64. Nf6 Kb6 65. Nd7+
Kc6 66. Rd4 Kb7 67. Kf2 Ka6 68. Nc5+ Kb6 69. Rc4 Rh3 70. Ke2 Rh5 71. Nb3 Rh3
72. Rb4+ Ka6 73. Kd2 Rg3 74. Kc2 Rh3 75. Rd4 Rh2+ 76. Kc3 Rh3+ 77. Kb4 Rh6 78.
Nc5+ Ka7 79. a5 Rh1 80. Rd7+ Ka8 81. Kb5 Rh6 82. Rc7 Kb8 83. Rc6 Rh7 84. Kb6
Rh8 85. Nd7+ Ka8 86. Ne5 Rd8 87. Nc4 Kb8 88. Nd6 Rh8 89. a6 Rd8 90. Rc8+ Rxc8
91. Nxc8 Ka8 92. Ne7 Kb8 93. Nd5 Ka8 94. Nc7+ 1-0

[Event "CYCC U18"]
[Site "Windsor CAN"]
[Date "2016.07.07"]
[Round "5.5"]
[White "Mathews, Jeremy"]
[Black "Washimkar, Atharva"]
[Result "0-1"]
[WhiteElo "1777"]
[BlackElo "1636"]
[PlyCount "117"]
[EventDate "2016.07.05"]
[EventType "swiss"]
[EventRounds "7"]
[EventCountry "CAN"]

1. e4 c5 2. Nf3 d6 3. d4 cxd4 4. Nxd4 Nf6 5. Nc3 g6 6. Be3 Bg7 7. f3 O-O 8. Qd2
Nc6 9. O-O-O Nxd4 10. Bxd4 Be6 11. Kb1 a6 12. g4 Qc7 13. h4 b5 14. a3 Rab8 15.
g5 Nh5 16. Bxg7 Kxg7 17. Be2 Rfc8 18. Rhe1 Qc5 19. Qd4+ Kg8 20. Qxc5 Rxc5 21.
Rd4 Nf4 22. Bf1 h6 23. Ne2 hxg5 24. hxg5 Nxe2 25. Bxe2 Rxg5 26. f4 Rc5 27. Bd3
Kf8 28. Rh1 Kg7 29. b4 Rcc8 30. f5 Bc4 31. Rg1 Bxd3 32. Rxd3 Rc4 33. fxg6 Rxe4
34. gxf7+ Kxf7 35. Rgg3 Rc8 36. Kc1 Rec4 37. c3 Ke6 38. Rge3+ Kd7 39. Kc2 e5
40. Rg3 Re8 41. Rg6 Re6 42. Rg2 e4 43. Rdg3 Rc7 44. Rh2 Kc6 45. Rg5 e3 46. Re2
Rf7 47. Rg3 Rf2 48. Kd3 Rxe2 49. Kxe2 Kd5 50. Rg4 Re8 51. Rg1 Kc4 52. Rd1 d5
53. Rd4+ Kxc3 54. Rxd5 Kb3 55. Rd3+ Kb2 56. a4 bxa4 57. Rd6 a3 58. b5 axb5 59.
Rb6 0-1

[Event "CYCC U18"]
[Site "Windsor CAN"]
[Date "2016.07.07"]
[Round "5.6"]
[White "Pobereshnikova, Agniya"]
[Black "Tao, Rachel"]
[Result "0-1"]
[WhiteElo "1632"]
[BlackElo "1744"]
[PlyCount "88"]
[EventDate "2016.07.05"]
[EventType "swiss"]
[EventRounds "7"]
[EventCountry "CAN"]

1. e4 c5 2. Nc3 Nc6 3. Bb5 Na5 4. f4 a6 5. Be2 d6 6. Nf3 e6 7. O-O Nf6 8. d3
Be7 9. Qe1 Qb6 10. b3 Bd7 11. Bd2 Nc6 12. Kh1 O-O-O 13. Na4 Qc7 14. b4 Nxb4 15.
Bxb4 Bxa4 16. Ba5 b6 17. Bc3 Bc6 18. Ng5 Rdf8 19. d4 Bb7 20. Bd3 h6 21. Nf3 c4
22. e5 Nd5 23. Be4 Nxf4 24. Bxb7+ Qxb7 25. Rb1 Qc7 26. exd6 Bxd6 27. d5 Rhg8
28. dxe6 Nxe6 29. Ne5 f6 30. Nc6 Nc5 31. Nb4 b5 32. Qh4 Re8 33. Nd5 Qc6 34.
Rbd1 Re4 35. Qh5 Rge8 36. Rd2 Re1 37. Rd1 Rxf1+ 38. Rxf1 Be5 39. Qf3 Kb7 40.
Bb4 Bd6 41. Qh5 Re5 42. Qf7+ Nd7 43. Rd1 Re2 44. Nf4 Re7 0-1

[Event "CYCC U18"]
[Site "Windsor CAN"]
[Date "2016.07.07"]
[Round "5.7"]
[White "Mirajkar, Mohammed"]
[Black "Pruthi, Vijit"]
[Result "1-0"]
[WhiteElo "791"]
[BlackElo "1125"]
[PlyCount "71"]
[EventDate "2016.07.05"]
[EventType "swiss"]
[EventRounds "7"]
[EventCountry "CAN"]

1. e4 c5 2. Nf3 e6 3. d4 cxd4 4. Nxd4 Bc5 5. Be3 e5 6. Nf5 Bxe3 7. Nxe3 Nf6 8.
Nc3 Nc6 9. Qd6 Qe7 10. Nf5 Qxd6 11. Nxd6+ Ke7 12. Nf5+ Kf8 13. O-O-O g6 14. Ne3
a6 15. Bc4 Kg7 16. Ned5 b5 17. Nxf6 Kxf6 18. Bd5 Bb7 19. Rhf1 Kg7 20. f4 exf4
21. Rxf4 Rhf8 22. Rdf1 f6 23. e5 fxe5 24. Rf7+ Rxf7 25. Rxf7+ Kh6 26. Rxd7 Rb8
27. Ne4 Na5 28. Nf6 Bxd5 29. Rxd5 Kg7 30. Nd7 Rd8 31. c3 Nc4 32. b3 Ne3 33.
Rxe5 Nxg2 34. Re7+ Kh8 35. Nf6 h5 36. Rh7# 1-0

[Event "CYCC U18"]
[Site "Windsor CAN"]
[Date "2016.07.07"]
[Round "5.8"]
[White "Wang, Jeffrey"]
[Black "Bari, Zeeshan"]
[Result "1-0"]
[WhiteElo "1358"]
[BlackElo "1027"]
[PlyCount "63"]
[EventDate "2016.07.05"]
[EventType "swiss"]
[EventRounds "7"]
[EventCountry "CAN"]

1. d4 d5 2. c4 e6 3. Nc3 Bb4 4. Bf4 Bxc3+ 5. bxc3 Nf6 6. e3 Nc6 7. Nf3 Bd7 8.
Qc2 Na5 9. cxd5 exd5 10. Bd3 Nc6 11. O-O Bg4 12. Nd2 Qd7 13. Rab1 b6 14. f3 Be6
15. c4 Rc8 16. Bg3 Ne7 17. Qc3 Nh5 18. Bf2 c6 19. Rfc1 O-O 20. c5 b5 21. Re1
Bf5 22. e4 Be6 23. Qc2 h6 24. a3 Ng6 25. exd5 cxd5 26. Bxb5 Bf5 27. Bxd7 Bxc2
28. Rbc1 Rc7 29. Bg4 Ngf4 30. Rxc2 Nf6 31. Bh3 Nd3 32. Re3 1-0

[Event "CYCC U18"]
[Site "Windsor CAN"]
[Date "2016.07.08"]
[Round "6.3"]
[White "Shi, Diwen"]
[Black "Tao, Rachel"]
[Result "1-0"]
[WhiteElo "2220"]
[BlackElo "1744"]
[PlyCount "63"]
[EventDate "2016.07.05"]
[EventType "swiss"]
[EventRounds "7"]
[EventCountry "CAN"]

1. e4 c5 2. Nf3 Nc6 3. Bb5 Na5 4. c3 a6 5. Ba4 e6 6. O-O Nf6 7. Re1 b5 8. Bc2
Be7 9. d4 cxd4 10. cxd4 d5 11. e5 Nd7 12. Qd3 Nf8 13. b3 Ng6 14. Nc3 Nc6 15. a3
O-O 16. Ne2 Re8 17. Nf4 Nf8 18. Bd2 g6 19. Qe3 Nd7 20. g3 Bf8 21. h4 Bg7 22.
Kg2 Nf8 23. Rh1 Bb7 24. h5 Ne7 25. g4 a5 26. Rh3 Qc7 27. Bd3 Bc6 28. hxg6 hxg6
29. Rah1 Rec8 30. Ng5 Ra7 31. Qg3 Nd7 32. Rh8+ 1-0

[Event "CYCC U18"]
[Site "Windsor CAN"]
[Date "2016.07.08"]
[Round "6.4"]
[White "Washimkar, Atharva"]
[Black "Nasir, Zehn"]
[Result "0-1"]
[WhiteElo "1636"]
[BlackElo "2077"]
[PlyCount "90"]
[EventDate "2016.07.05"]
[EventType "swiss"]
[EventRounds "7"]
[EventCountry "CAN"]

1. e4 c6 2. d4 d5 3. Nc3 dxe4 4. Nxe4 Bf5 5. Ng3 Bg6 6. Nf3 Nd7 7. h4 h6 8. h5
Bh7 9. Bd3 Bxd3 10. Qxd3 e6 11. Bf4 Qa5+ 12. Bd2 Bb4 13. c3 Be7 14. Bf4 Ngf6
15. Ne5 O-O 16. Ne4 Nxe5 17. Bxe5 Nxe4 18. Qxe4 Qd5 19. f3 Qxe4+ 20. fxe4 Rfd8
21. Rd1 Rd7 22. Rh3 Rad8 23. Rhd3 Bd6 24. Bxd6 Rxd6 25. Ke2 f6 26. Ke3 Kf7 27.
c4 R6d7 28. g4 g6 29. d5 exd5 30. cxd5 c5 31. Rh1 Re7 32. hxg6+ Kxg6 33. Rh5
Rde8 34. d6 Rxe4+ 35. Kf3 R4e5 36. d7 Rd8 37. Rxe5 fxe5 38. Ke4 Kf6 39. Rd6+
Ke7 40. Kxe5 Rxd7 41. Rxd7+ Kxd7 42. Kf6 c4 43. Kg6 b5 44. Kxh6 b4 45. g5 c3
0-1

[Event "CYCC U18"]
[Site "Windsor CAN"]
[Date "2016.07.08"]
[Round "6.5"]
[White "Muntaner, Daniel"]
[Black "Doknjas, John"]
[Result "0-1"]
[WhiteElo "1697"]
[BlackElo "2239"]
[PlyCount "62"]
[EventDate "2016.07.05"]
[EventType "swiss"]
[EventRounds "7"]
[EventCountry "CAN"]

1. e4 c5 2. Qh5 e6 3. f4 Nf6 4. Qf3 d5 5. e5 Nfd7 6. c3 Nc6 7. Bb5 Qb6 8. Na3
c4 9. Bxc6 bxc6 10. Nc2 Nc5 11. Nh3 Nd3+ 12. Ke2 Bc5 13. Rf1 O-O 14. Ne1 Nxe1
15. Rxe1 f6 16. d4 cxd3+ 17. Kxd3 fxe5 18. Rxe5 Bd6 19. Re1 e5 20. Kc2 Bf5+ 21.
Kd1 e4 22. Qg3 c5 23. Qh4 Bxh3 24. gxh3 Rf5 25. Kc2 Qb5 26. Bd2 Qd3+ 27. Kc1 d4
28. Rd1 e3 29. Be1 Qe4 30. Qg4 e2 31. Rd2 Bxf4 0-1

[Event "CYCC U18"]
[Site "Windsor CAN"]
[Date "2016.07.08"]
[Round "6.6"]
[White "Pobereshnikova, Agniya"]
[Black "Mathews, Jeremy"]
[Result "0-1"]
[WhiteElo "1632"]
[BlackElo "1777"]
[PlyCount "40"]
[EventDate "2016.07.05"]
[EventType "swiss"]
[EventRounds "7"]
[EventCountry "CAN"]

1. e4 c5 2. Nc3 Nc6 3. Bb5 Nd4 4. Bc4 e6 5. Nge2 Nf6 6. O-O a6 7. a4 d5 8. exd5
exd5 9. Nxd5 Nxd5 10. Nxd4 cxd4 11. Qh5 Be6 12. Re1 Be7 13. Rxe6 Nf4 14. Qe5
Nxe6 15. Bxe6 fxe6 16. Qxg7 Bf6 17. Qg4 Qd5 18. d3 O-O-O 19. g3 Rdf8 20. Bf4
Be5 0-1

[Event "CYCC U18"]
[Site "Windsor CAN"]
[Date "2016.07.08"]
[Round "6.7"]
[White "Bari, Zeeshan"]
[Black "Mirajkar, Mohammed"]
[Result "1-0"]
[WhiteElo "1027"]
[BlackElo "791"]
[PlyCount "51"]
[EventDate "2016.07.05"]
[EventType "swiss"]
[EventRounds "7"]
[EventCountry "CAN"]

1. e4 e5 2. Nf3 d6 3. d4 Qe7 4. dxe5 dxe5 5. Bc4 Nf6 6. Nc3 h6 7. Qd3 Bg4 8. h3
Bh5 9. Nd5 Nxd5 10. Bxd5 Bxf3 11. Qxf3 f6 12. Bd2 c6 13. Bc4 Qc5 14. Qb3 Qb6
15. Bf7+ Kd7 16. Qe6+ Kc7 17. O-O-O Bd6 18. Ba5 Qxa5 19. Rxd6 Rd8 20. Rhd1 Rxd6
21. Qxd6+ Kb6 22. Qd8+ Kb5 23. Bc4+ Ka4 24. b3+ Kb4 25. Qd2+ Kc5 26. Qxa5+ 1-0

[Event "CYCC U18"]
[Site "Windsor CAN"]
[Date "2016.07.08"]
[Round "6.8"]
[White "Pruthi, Vijit"]
[Black "Wang, Jeffrey"]
[Result "0-1"]
[WhiteElo "1125"]
[BlackElo "1358"]
[PlyCount "58"]
[EventDate "2016.07.05"]
[EventType "swiss"]
[EventRounds "7"]
[EventCountry "CAN"]

1. e4 c5 2. Nf3 Nc6 3. Nc3 e6 4. Bc4 a6 5. a4 Be7 6. d4 cxd4 7. Nxd4 Qb6 8.
Nxc6 bxc6 9. Qg4 Nf6 10. Qf3 d5 11. e5 Nd7 12. Be2 Nxe5 13. Qg3 Ng6 14. b3 Bf6
15. Ba3 c5 16. Rb1 O-O 17. O-O Be5 18. Qh3 Nf4 19. Qe3 Qc7 20. g3 d4 21. Qf3
Nh3+ 22. Kg2 Bb7 23. Ne4 Ng5 24. Qg4 Nxe4 25. Bf3 Nd2 26. Bxb7 Qxb7+ 27. Kg1
Nxb1 28. Rxb1 Rfc8 29. f4 Qe4 0-1

[Event "CYCC U18"]
[Site "Windsor CAN"]
[Date "2016.07.08"]
[Round "7.4"]
[White "Nasir, Zehn"]
[Black "Li, Yinshi"]
[Result "1-0"]
[WhiteElo "2077"]
[BlackElo "2216"]
[PlyCount "67"]
[EventDate "2016.07.05"]
[EventType "swiss"]
[EventRounds "7"]
[EventCountry "CAN"]

1. e4 e6 2. d4 d5 3. Nd2 Nf6 4. e5 Nfd7 5. Bd3 c5 6. c3 Nc6 7. Ne2 cxd4 8. cxd4
f6 9. exf6 Nxf6 10. O-O Bd6 11. Nf3 Qc7 12. Bd2 O-O 13. Ng3 e5 14. dxe5 Nxe5
15. Nxe5 Bxe5 16. Qb3 Qf7 17. Bc3 Bxc3 18. Qxc3 Bd7 19. Qd4 a6 20. Be2 Rac8 21.
Rac1 Bb5 22. Bxb5 axb5 23. Nf5 Rc4 24. Qd3 Rxc1 25. Rxc1 Ng4 26. Qxd5 g6 27.
Qxf7+ Kxf7 28. Nd6+ Ke7 29. Ne4 Kd7 30. f3 Ne5 31. Nc5+ Ke7 32. Re1 Kd6 33.
Rxe5 Rc8 34. Nd3 1-0

[Event "CYCC U18"]
[Site "Windsor CAN"]
[Date "2016.07.08"]
[Round "7.5"]
[White "Tao, Rachel"]
[Black "Muntaner, Daniel"]
[Result "1/2-1/2"]
[WhiteElo "1744"]
[BlackElo "1697"]
[PlyCount "75"]
[EventDate "2016.07.05"]
[EventType "swiss"]
[EventRounds "7"]
[EventCountry "CAN"]

1. e4 e5 2. Bc4 Bc5 3. Nf3 d6 4. O-O Nf6 5. d3 Nbd7 6. c3 O-O 7. Nbd2 Bb6 8.
Bb3 Nc5 9. Bc2 Re8 10. h3 Ne6 11. Nc4 c6 12. Nxb6 Qxb6 13. Rb1 Qa6 14. a3 Nc5
15. Re1 Bd7 16. Nh4 Rad8 17. Qf3 d5 18. Bg5 dxe4 19. dxe4 Re6 20. b4 Na4 21.
Bb3 Rd6 22. Red1 Bc8 23. Bxf6 gxf6 24. Rxd6 Rxd6 25. Rd1 Rxd1+ 26. Qxd1 b5 27.
Qd8+ Kg7 28. Qe8 Qb7 29. Bxf7 Qxf7 30. Qxc8 Nxc3 31. Nf5+ Kg6 32. Qxc6 Ne2+ 33.
Kh2 Nd4 34. Nxd4 exd4 35. Qxb5 Qc7+ 36. g3 Qc3 37. Qf5+ Kg7 38. Qd7+ 1/2-1/2

[Event "CYCC U18"]
[Site "Windsor CAN"]
[Date "2016.07.08"]
[Round "7.6"]
[White "Bari, Zeeshan"]
[Black "Washimkar, Atharva"]
[Result "0-1"]
[WhiteElo "1027"]
[BlackElo "1632"]
[PlyCount "110"]
[EventDate "2016.07.05"]
[EventType "swiss"]
[EventRounds "7"]
[EventCountry "CAN"]

1. e4 c5 2. Nf3 d6 3. d4 cxd4 4. Nxd4 Nf6 5. Nc3 g6 6. Be3 Bg7 7. Bd3 O-O 8.
O-O Nc6 9. Qd2 Ng4 10. Nce2 d5 11. c3 Qd6 12. Nf3 Rd8 13. Rad1 Nce5 14. Ned4
dxe4 15. Bxe4 f5 16. Bc2 Nc4 17. Bb3 Be6 18. Qe2 Rac8 19. Nxe6 Qxe6 20. Nd4 Qa6
21. f3 Nge5 22. Bg5 Bf6 23. Bxf6 exf6 24. f4 Nf7 25. a4 Na5 26. Bxf7+ Kxf7 27.
Qxa6 bxa6 28. Rfe1 Re8 29. Rxe8 Rxe8 30. b4 Nc4 31. Rb1 Re3 32. Rc1 Nb6 33. Kf2
Nd5 34. Nc6 Rxc3 35. Rxc3 Nxc3 36. a5 Nd5 37. Nxa7 Nxb4 38. Ke3 Ke6 39. Kd4 Kd6
40. Kc4 Nc6 41. Nxc6 Kxc6 42. g3 g5 43. h3 Kd6 44. Kd4 h6 45. h4 Kc6 46. Kc4
gxh4 47. gxh4 h5 48. Kd3 Kb5 49. Kc3 Kxa5 50. Kb3 Kb5 51. Kc3 a5 52. Kb3 a4+
53. Kc3 a3 54. Kb3 a2 55. Kxa2 Kc4 0-1

[Event "CYCC U18"]
[Site "Windsor CAN"]
[Date "2016.07.08"]
[Round "7.7"]
[White "Wang, Jeffrey"]
[Black "Mirajkar, Mohammed"]
[Result "1-0"]
[WhiteElo "1358"]
[BlackElo "791"]
[PlyCount "57"]
[EventDate "2016.07.05"]
[EventType "swiss"]
[EventRounds "7"]
[EventCountry "CAN"]

1. d4 b6 2. c4 Bb7 3. Nc3 e6 4. e4 Bb4 5. Bd3 d6 6. Qa4+ Nc6 7. d5 Bxc3+ 8.
bxc3 exd5 9. cxd5 Nge7 10. dxc6 Bxc6 11. Qc2 Ng6 12. Nf3 Ne5 13. Nxe5 dxe5 14.
O-O Qd6 15. Bb2 O-O-O 16. Rad1 Qe6 17. c4 f6 18. c5 Qxa2 19. Ra1 Qe6 20. Rxa7
bxc5 21. Ba6+ Kd7 22. Rd1+ Ke7 23. Qxc5+ Kf7 24. Rxc7+ Kg6 25. Rf1 Bxe4 26. Bc4
Qf5 27. Bf7+ Kh6 28. Qe3+ Qf4 29. Qh3+ 1-0